Visu imágenes animales península ibérica - Estadísticas

Estadísticas generales
  • Esta prueba ha sido intentada 41 veces
  • La puntuación promedio es 22 de 43
Estadísticas de respuestas
Imagen Respuesta % Correcto
Ciervo
90%
Jabalí
90%
Lince ibérico
90%
Lobo
90%
Oso pardo
90%
Conejo
87%
Zorro
87%
Gato montés
83%
Liebre
83%
Nutria
83%
Ardilla roja
73%
Cabra montés
73%
Tejón
70%
Corzo
67%
Gamo
67%
Gineta
67%
Marta
60%
Muflón
57%
Visón europeo
53%
Comadreja
50%
Rebeco
50%
Armiño
47%
Visón americano
47%
Erizo europeo
43%
Ratón de campo
43%
Topo ibérico
40%
Arruí
37%
Garduña
37%
Meloncillo
37%
Rata de agua
37%
Rata negra
37%
Turón
37%
Lirón careto
33%
Erizo moruno
30%
Desmán
27%
Murciélago común
27%
Marmota alpina
17%
Murciélago orejudo gris
17%
Murciélago orejudo dorado
13%
Rata parda
13%
Musaraña gris
10%
Murciélago de Bechstein
7%
Murciélago de bosque
3%
No se encontraron pruebas coincidentes
Distribución de puntuación
Porcentaje de gente con cada puntuación
Porcentaje por número respondido
Historial de tus puntuaciones
No has intentado esta prueba.